000 00922nas a2200301 4500
001 BR0603935
003 BR-BrBNA
005 20231205110308.0
007 ta
008 230509b bl.|||p| |||| 00| 00por d
040 _aBR-BrBNA
_bpor
_cBiblioteca Nacional de Agricultura
041 _a(Pt)
072 _aL51; L52
100 1 _aLongo, F.A.
100 1 _aSakomura, N.K.
100 1 _aRabello, C.B.V.
100 1 _aFigueiredo, A.N.
100 1 _aFernandes, J.B.K.
245 1 _aExigências energéticas para mantença e para o crescimento de frangos de corte
650 _aFRANGO DE CORTE
650 _aEXIGÊNCIA NUTRICIONAL
650 _aPERFORMANCE
650 _aGANHO DE PESO
650 _aMODELO MATEMÁTICO
773 0 _tRevista Brasileira de Zootecnia (Brazil)
_xISSN 1516-3598
_g(Jan-Feb 2006), v. 35(1) p. 119-125
_wBR0603935
909 _a202311
_bLúcia
_c55
_dLúcia Elande
942 _2AGRIS
_n0
_cANA
999 _c186865
_d186865